Anschlussstellen der Bundesautobahn 2 - Statistiken

Allgemein
  • Dieses Quiz wurde 51 mal gespielt
  • Das Durchschnittsergebnis liegt bei 54 aus 87
Antwortstatistiken
Nr Benennung % Korrekt
(45) AS Hannover-Bothfeld
94%
(47) Kreuz Hannover-Buchholz
94%
(42) AS Hannover-Herrenhausen
94%
(46) AS Hannover-Lahe
94%
(44) AS Hannover-Langenhagen
94%
(48) Kreuz Hannover-Ost
94%
(43) Dreieck Hannover-West
94%
(14) AS Dortmund-Lanstrop
91%
(12) AS Dortmund-Mengede
91%
(13) AS Dortmund-Nordost
91%
(12) Kreuz Dortmund-Nordwest
91%
(1) Kreuz Oberhausen
89%
(2) AS Oberhausen-Königshardt
89%
(25) Kreuz Bielefeld
85%
(27) AS Bielefeld-Ost
85%
(26) AS Bielefeld-Süd
85%
(56) AS Braunschweig-Flughafen
85%
(55) AS Braunschweig-Hafen
85%
(57) AS Braunschweig-Ost / Lehre
85%
(54) AS Braunschweig-Watenbüttel
85%
(68) Kreuz Magdeburg
83%
(69) AS Magdeburg-Kannenstieg
83%
(71) AS Magdeburg-Rotensee
83%
(70) AS Magdeburg-Zentrum
83%
(58) Kreuz Wolfsburg / Königslutter
83%
(81) Dreieck Werder (Berliner Ring)
81%
(5) AS Essen / Gladbeck
79%
(6) AS Gelsenkirchen-Buer
74%
(18) AS Hamm
74%
(18) Dreieck Hamm
74%
(19) AS Hamm-Uentrop
74%
(15) AS Kamen / Bergkamen
74%
(16) Kreuz Kamener Kreuz
72%
(63) AS Marienborn / Helmstedt
72%
(8) Kreuz Recklinghausen
72%
(10) AS Recklinghausen-Ost
72%
(9) AS Recklinghausen-Süd
72%
(32) Kreuz Bad Oeynhausen
70%
(24) AS Gütersloh
70%
(63) AS Helmstedt-Ost
70%
(61) AS Helmstedt-West
70%
(62) AS Helmstedt-Zentrum
70%
(3) AS Bottrop
68%
(3) Dreieck Bottrop
68%
(52) AS Peine
68%
(53) AS Peine-Ost
68%
(29) AS Herford / Bad Salzuflen
64%
(30) AS Herford-Ost
64%
(49) AS Lehrte
64%
(50) AS Lehrte-Ost
64%
(78) AS Brandenburg
62%
(5) Kreuz Gladbeck
60%
(4) AS Gladbeck-Ellinghorst
60%
(33) AS Porta Westfalica
60%
(74) AS Burg-Ost
57%
(73) AS Burg-Zentrum
57%
(41) AS Garbsen
53%
(23) AS Rheda-Wiedenbrück
51%
(39) AS Wunstorf-Kolenfeld
51%
(40) AS Wunstorf-Luthe
51%
(20) AS Beckum
49%
(38) AS Bad Nenndorf
43%
(21) AS Oelde
43%
(7) AS Herten
40%
(28) AS Ostwestfalen / Lippe
40%
(17) AS Bönen
38%
(51) AS Hämelerwald
34%
(22) AS Herzebrock-Clarholz
34%
(59) AS Königslutter
34%
(37) AS Lauenau
34%
(35) AS Bad Eilsen (Ausfahrt Ost)
32%
(35) AS Bad Eilsen (Ausfahrt West)
32%
(80) AS Lehnin
32%
(11) AS Henrichenburg
30%
(36) AS Rehren
30%
(64) AS Alleringersleben
28%
(67) AS Irxleben
28%
(75) AS Theeßen
28%
(31) AS Vlotho-West
28%
(76) AS Ziesar
28%
(65) AS Eilsleben
26%
(60) AS Rennau
26%
(34) AS Veltheim
23%
(66) AS Bornstedt
21%
(77) AS Wollin
21%
(72) AS Lostau
17%
(79) AS Netzen
17%
Keine übereinstimmenden Quizze gefunden
Verteilung der Resultate
Anzahl Personen mit jedem Resultat
Perzentil nach korrekt beantworteten Fragen
Ihre Resultats-Entwicklung
Sie haben dieses Quiz noch nicht gespielt